Movies Quiz

Random Movies or Celebrity Quiz

Actors & Actresses by Movie: 'T' Quiz Stats

 Plays Quiz Updated Mar 10, 2018

Challenge
Share
Tweet
Score 0/20 Timer 05:00
17 Plays Today
% Correct
John Travolta - Grease
96.5%
Uma Thurman - Pulp Fiction
91%
George Takei - Star Trek
89.2%
Danny Trejo - Machete
88.7%
Charlize Theron - Monster
87.8%
Elizabeth Taylor - Cat on a
Hot Tin Roof
87.1%
Channing Tatum - 21 Jump Street
86.9%
Quentin Tarantino - Reservoir Dogs
85.9%
Liv Tyler - Armageddon
85.6%
Emma Thompson - Sense and Sensibility
84.8%
% Correct
Spencer Tracy - Guess Who's
Coming to Dinner
84%
Shirley Temple - The Little Princess
82.7%
Kathleen Turner - Romancing the Stone
80.8%
Miles Teller - Whiplash
80.7%
Stanley Tucci - The Terminal
80%
Jennifer Tilly - Liar Liar
78.3%
David Tennant - Harry Potter
77.4%
Billy Bob Thornton - Sling Blade
76.6%
Torin Thatcher - Witness for
the Prosecution
68.4%
Chris Tucker - The Fifth Element
58.3%

You're not logged in!

Compare scores with friends on all Sporcle quizzes.
OR
Log In

You Might Also Like...

Show Comments

Extras

Top Quizzes Today


Score Distribution

Your Account Isn't Verified!

In order to create a playlist on Sporcle, you need to verify the email address you used during registration. Go to your Sporcle Settings to finish the process.

Report this User

Report this user for behavior that violates our Community Guidelines.

Details: